LEADER 01018nam0-2200385---450 001 990005695250203316 005 20190403125001.0 035 $a000569525 035 $aUSA01000569525 035 $a(ALEPH)000569525USA01 035 $a000569525 100 $a20060712d1975----|||y0itaa50------ba 101 $ager 102 $ade 105 $a0 00||| 200 1 $aMacht$fNiklas Luhmann 210 $aStuttgart$cFerdinand Enke Verlag$dc1975 215 $a156 p.$d19 cm. 225 2 $aFlexibles Taschenbuch$vSOZ 410 0$12001$aFlexibles Taschenbuch$vSOZ 620 $dSTUTTGART 676 $a302 676 $a302.2 700 1$aLUHMANN,$bNiklas$0118733 801 0$aIT$bSA$c20111219 912 $a990005695250203316 950 0$aDipar.to di Filosofia - Salerno$dDFAA 302 LUH$e1181 FIL 951 $aAA 302 LUH$b1181 FIL 959 $aBK 969 $aFIL 979 $c20121027$lUSA01$h1526 979 $c20121027$lUSA01$h1615 996 $aMacht$937095 997 $aUNISA NUM $aSA0017994 LEADER 01464nam--2200421---450- 001 990003616310203316 005 20120126154201.0 010 $a978-88-387-5754-2 035 $a000361631 035 $aUSA01000361631 035 $a(ALEPH)000361631USA01 035 $a000361631 100 $a20120126d2011----km-y0itay50------ba 101 $aita 102 $aIT 105 $a||||||||001yy 200 1 $aGuida alla progettazione degli edifici scolastici$everifica su base prestazionale e casi studio per la scuola dell'infanzia e primaria$fLuigi Paolino, Marco Cagelli, Angela Silvia Pavesi 210 $aSantarcangelo di Romagna$cMaggioli$d2011 215 $a358 p.$d24 cm$e1 CD-ROM 225 2 $aProgettazione : tecniche & materiali$v305 410 0$12001$aProgettazione : tecniche & materiali$v, 305 454 1$12001 461 1$1001-------$12001 606 0 $aEdifici scolastici$xProgettazione$2BNCF 676 $a727.1 700 1$aPAOLINO,$bLuigi$0611435 701 1$aCAGELLI,$bMarco$0611436 701 1$aPAVESI,$bAngela Silvia$0517734 801 0$aIT$bsalbc$gISBD 912 $a990003616310203316 951 $a727.1 PAO 1$b70699 G.$c727.1 PAO$d00305511 959 $aBK 969 $aTEC 979 $aFIORELLA$b90$c20120126$lUSA01$h1528 979 $aFIORELLA$b90$c20120126$lUSA01$h1538 979 $aFIORELLA$b90$c20120126$lUSA01$h1542 996 $aGuida alla progettazione degli edifici scolastici$91136569 997 $aUNISA